000 00538 a2200205 4500
003 OSt
005 20180116182941.0
008 170809b xxu||||| |||| 00| 0 eng d
020 _a0571114687
024 _a0571114687
040 _c0
082 _a338.4'7'0 JEN 1979
100 _aSimon Jenkins
245 _aNews Papers
_bThe Power and The Money
_cSimon Jenkins
260 _aLondon
_bFaber and Faber
_c1979
300 _a130p.
_bpb.
440 _aNews Papers
500 _aPaper cover
942 _aNBS
_cBK
_k338.4'7'0 JEN 1979
_2ddc
999 _c349132
_d349132